| 000 | 01138nam a22002894a 4500 | ||
|---|---|---|---|
| 005 | 20071114120703.0 | ||
| 008 | 070217s2007 ii | b 00| 0 eng | ||
| 010 | _aENG-93373 | ||
| 020 |
_a8188683671 _c480.00 |
||
| 020 |
_a9788188683673 _c480.00 |
||
| 035 | _aEN-76906 | ||
| 037 | _bDBAD / PUB | ||
| 040 |
_adpl _bEnglish |
||
| 082 | _a305.420954 | ||
| 100 | _aBhuimali, Anil | ||
| 245 |
_aDevelopment of rural women through education and empowerment / _cby Anil Bhuimali [and] Sampa Poddar |
||
| 260 |
_aDelhi _bAbhijeet Publications _c2005 |
||
| 270 |
_a2/46 Tukhmeerpur Extension _bDelhi _e110094 |
||
| 300 |
_avi, 175 p. _c22cm (Hb) |
||
| 500 | _aIncludes bibliographical references and index | ||
| 650 |
_aRural women _xSocial conditions _zIndia |
||
| 650 |
_aRural women _xEconomic conditions _zIndia |
||
| 650 |
_aWomen in development _zIndia |
||
| 700 | _aPoddar, Sampa | ||
| 942 |
_2ddc _cEN _mBHU _h305.420954 |
||
| 999 |
_c25991 _d25991 |
||